=LDR 00000nam 2200000 4500 =001 INLIS000000000037822 =005 20130612143531 =008 ***********************************Ind** =035 ##$$a0010-061300000037822 =041 ##$$a Ind =082 ##$$a 001.4 =090 ##$$a 001.4, Asm t =100 ##$$a Asmani, Jainal Ma'mur =245 ##$$a Tuntunan lengkap metodologi praktis, penelitian pendidikan, Jamal Ma'mur ; editor, Agus Hariyanto =260 ##$$a 2011 $b Yogyakarta =300 ##$$a 268 hlm, ilus, 21 cm =650 ##$$a pendidikan, penelitian =850 ##$$a NBPNMAT =990 ##$$a 21195216/BPAP-NTB/2014 =990 ##$$a 21400613/BPAP-NTB/20142014